| 000 | 00804cab a2200241 4500 | ||
|---|---|---|---|
| 001 | WB3102-04 | ||
| 008 | 090401t1995 xxu||||| |||| 00| 0 eng d | ||
| 035 | _a(Sirsi) u65845 | ||
| 041 | _aeng | ||
| 245 | _aLittle new year cheer for builders | ||
| 260 | _c1995 | ||
| 350 | _a0 | ||
| 490 |
_aFinancial Times _v12 January 1995, 20(1) |
||
| 520 | _aA static housing market, overcapacity among contractors and limited public expenditure have caused a fall in construction industry share values of over 25% during the past year. | ||
| 650 | _aBUILDING AND CONSTRUCTION SECTOR INDEX | ||
| 650 | _aCONSTRUCTION COMPANIES | ||
| 650 | _aCONSTRUCTION SECTOR | ||
| 650 | _aFTSE INDEX | ||
| 650 | _aSHARE PRICES | ||
| 690 | _aBUILDING AND CONSTRUCTION-ECONOMICS | ||
| 942 | _n0 | ||
| 948 | _c04/03/1997 | ||
| 999 |
_c41115 _d41115 |
||